Todas las personas nombradas por BAD BUNNY en "MÓNACO" con foto - Estadísticas

Estadísticas generales
  • Esta prueba ha sido intentada 98 veces
  • La puntuación promedio es 11 de 15
Estadísticas de respuestas
Imagen Respuesta % Correcto
Lionel Messi
98%
Diego Maradona
94%
Leonardo DiCaprio
94%
LeBron James
88%
Sofía Vergara
87%
Max Verstappen
85%
Eladio Carrion
84%
Pablo Escobar
79%
Rocky Balboa
76%
Sergio Pérez
73%
John Lennon
70%
Rocky Maivia
58%
Rocky Marciano
40%
Don Vito Corleone
31%
Rocky The Kid
20%
No se encontraron pruebas coincidentes
Distribución de puntuación
Porcentaje de gente con cada puntuación
Porcentaje por número respondido
Historial de tus puntuaciones
No has intentado esta prueba.